[Event "12th Asrian Memorial 2019"]
[Site "Yerevan"]
[Date "2019.06.18"]
[Round "8.4"]
[White "Gharibyan, Mamikon"]
[Black "Hayrapetyan, Hovik"]
[Result "0-1"]
[WhiteElo "2320"]
[BlackElo "2449"]
[Annotator "NA"]
[PlyCount "133"]
[EventDate "2019.06.11"]
[EventType "swiss"]
[EventCountry "ARM"]
[SourceTitle "playchess.com"]
[Source "ChessBase"]
[SourceQuality "1"]
[TimeControl "40/5400+30:1800+30"]

1. Nf3 {[%emt 0:00:00]} Nf6 {[%emt 0:02:30]} 2. c4 {[%emt 0:00:43]} g6 {[%emt 0:03:16]} 3. b3 {[%emt 0:04:36]} Bg7 {[%emt 0:00:18]} 4. Bb2 {[%emt 0:00:05]} O-O {[%emt 0:00:39]} 5. g3 {[%emt 0:00:57]} b6 {[%emt 0:00:57]} 6. Bg2 {[%emt 0:01:47]} Bb7 {[%emt 0:00:01]} 7. d4 {[%emt 0:01:07]} d6 {[%emt 0:12:45]} 8. O-O {[%emt 0:02:20]} e6 {[%emt 0:09:16]} 9. Nc3 {[%emt 0:03:23]} Nbd7 {[%emt 0:06:26]} 10. Qc2 {[%emt 0:01:57]} c5 {[%emt 0:09:12]} 11. Rad1 {[%emt 0:04:55]} Qe7 {[%emt 0:00:28]} 12. e4 {[%emt 0:05:03]} cxd4 {[%emt 0:01:37]} 13. Nxd4 {[%emt 0:01:30]} a6 {[%emt 0:01:04]} 14. Qe2 Qd8 {[%emt 0:08:28]} 15. Rd2 {[%emt 0:29:35]} Qc7 {[%emt 0:00:19]} 16. Rfd1 {[%emt 0:01:12]} Rfd8 {[%emt 0:02:32]} 17. Ba3 {[%emt 0:00:58]} Ne8 {[%emt 0:07:10]} 18. Rc2 {[%emt 0:05:45]} Rac8 {[%emt 0:01:22]} 19. Bc1 {[%emt 0:01:19]} Ne5 {[%emt 0:06:22]} 20. Be3 {[%emt 0:09:25]} Nf6 {[%emt 0:03:39]} 21. h3 {[%emt 0:02:37]} Qb8 {[%emt 0:01:27]} 22. Re1 {[%emt 0:03:32]} Ned7 {[%emt 0:01:06]} 23. Qd1 {[%emt 0:09:41]} Nc5 {[%emt 0:01:27]} 24. Bg5 {[%emt 0:02:36]} h6 {[%emt 0:00:28]} 25. Bxf6 {[%emt 0:02:35]} Bxf6 {[%emt 0:00:05]} 26. h4 {[%emt 0:00:20]} Bg7 {[%emt 0:02:50]} 27. h5 {[%emt 0:00:37]} g5 {[%emt 0:01:10]} 28. Re3 {[%emt 0:00:22]} Kh8 {[%emt 0:00:24]} 29. Rd2 {[%emt 0:00:16]} Nd7 {[%emt 0:02:13]} 30. Nf3 {[%emt 0:01:29]} Ne5 {[%emt 0:04:45]} 31. Nd4 {[%emt 0:01:29]} g4 {[%emt 0:03:47]} 32. Re1 {[%emt 0:00:54]} b5 {[%emt 0:00:25]} 33. Ndxb5 {[%emt 0:01:45]} axb5 {[%emt 0:00:06]} 34. Nxb5 {[%emt 0:00:02]} d5 {[%emt 0:01:09]} 35. exd5 {[%emt 0:00:29]} Bxd5 {[%emt 0:04:45]} 36. cxd5 {[%emt 0:00:34]} Qxb5 {[%emt 0:00:04]} 37. dxe6 {[%emt 0:00:37]} Rxd2 {[%emt 0:00:05]} 38. Qxd2 {[%emt 0:00:03]} fxe6 {[%emt 0:00:11]} 39. Qd6 {[%emt 0:02:19]} Rf8 {[%emt 0:00:35]} 40. a4 {[%emt 0:00:00]} Qa5 {[%emt 0:00:00]} 41. Rd1 {[%emt 0:03:02]} Qa7 {[%emt 0:15:17]} 42. Rd2 {[%emt 0:01:49]} Qf7 {[%emt 0:00:13]} 43. Rc2 {[%emt 0:09:20]} Qf5 {[%emt 0:00:35]} 44. Qc5 {[%emt 0:00:28]} Rd8 {[%emt 0:01:51]} 45. Rc1 {[%emt 0:01:19]} Nd3 {[%emt 0:03:55]} 46. Qxf5 {[%emt 0:01:10]} exf5 {[%emt 0:00:09]} 47. Rd1 {[%emt 0:00:26]} Bd4 {[%emt 0:03:22]} 48. a5 {[%emt 0:06:59]} Nxf2 {[%emt 0:02:41]} 49. Rxd4 {[%emt 0:00:10]} Rxd4 {[%emt 0:00:37]} 50. Kxf2 {[%emt 0:00:04]} Rd2+ {[%emt 0:00:16]} 51. Kf1 {[%emt 0:00:57]} Ra2 {[%emt 0:00:41]} 52. b4 {[%emt 0:00:40]} Ra4 {[%emt 0:00:04]} 53. Bc6 {[%emt 0:04:35]} Rxb4 {[%emt 0:00:27]} 54. a6 {[%emt 0:00:29]} Rb1+ {[%emt 0:00:03]} 55. Ke2 {[%emt 0:00:04]} Ra1 {[%emt 0:00:03]} 56. Bd7 {[%emt 0:05:11]} Rxa6 {[%emt 0:00:15]} 57. Bxf5 {[%emt 0:00:05]} Ra4 {[%emt 0:00:01]} 58. Ke3 {[%emt 0:01:11]} Kg7 {[%emt 0:00:14]} 59. Bd7 {[%emt 0:00:17]} Rb4 {[%emt 0:00:10]} 60. Kd3 {[%emt 0:00:38]} Kf6 {[%emt 0:00:44]} 61. Kc3 {[%emt 0:00:11]} Re4 {[%emt 0:00:17]} 62. Kd3 {[%emt 0:00:14]} Ke5 {[%emt 0:00:05]} 63. Bc8 {[%emt 0:00:41]} Rb4 {[%emt 0:00:51]} 64. Ke3 {[%emt 0:00:27]} Kf6 {[%emt 0:00:11]} 65. Bd7 {[%emt 0:00:22]} Kg5 {[%emt 0:00:03]} 66. Be8 {[%emt 0:00:08]} Rb8 {[%emt 0:00:03]} 67. Kd4 0-1

[Event "12th Asrian Memorial 2019"]
[Site "Yerevan"]
[Date "2019.06.18"]
[Round "8.5"]
[White "Kotanjian, Tigran"]
[Black "Martirosyan, Haik M."]
[Result "1/2-1/2"]
[WhiteElo "2462"]
[BlackElo "2635"]
[Annotator "RC"]
[PlyCount "56"]
[EventDate "2019.06.11"]
[EventType "swiss"]
[EventCountry "ARM"]
[SourceTitle "playchess.com"]
[Source "ChessBase"]
[SourceQuality "1"]
[TimeControl "40/5400+30:1800+30"]

1. d4 {[%emt 0:00:00]} Nf6 {[%emt 0:00:00]} 2. c4 {[%emt 0:00:00]} e6 {[%emt 0:00:00]} 3. Nc3 {[%emt 0:00:00]} Bb4 {[%emt 0:00:00]} 4. Qc2 {[%emt 0:00:00]} d6 {[%emt 0:00:22]} 5. e4 {[%emt 0:03:46]} c5 {[%emt 0:02:57]} 6. Nf3 {[%emt 0:02:29]} cxd4 {[%emt 0:02:07]} 7. Nxd4 {[%emt 0:00:13]} O-O {[%emt 0:00:40]} 8. Bd3 {[%emt 0:02:56]} Bc5 {[%emt 0:07:56]} 9. Nb3 {[%emt 0:01:10]} Nc6 {[%emt 0:00:24]} 10. O-O {[%emt 0:01:27]} h6 {[%emt 0:01:17]} 11. Qe2 {[%emt 0:03:01]} e5 {[%emt 0:04:53]} 12. Nd5 {[%emt 0:02:15]} Nxd5 {[%emt 0:18:37]} 13. cxd5 {[%emt 0:00:11]} Nd4 {[%emt 0:00:04]} 14. Nxd4 {[%emt 0:00:09]} Bxd4 {[%emt 0:00:04]} 15. Be3 {[%emt 0:00:07]} Bb6 {[%emt 0:02:08]} 16. Rac1 {[%emt 0:01:21]} Bd7 {[%emt 0:00:54]} 17. Rc3 {[%emt 0:05:03]} Rc8 {[%emt 0:02:21]} 18. Rxc8 {[%emt 0:02:43]} Bxc8 {[%emt 0:00:13]} 19. Rc1 {[%emt 0:00:25]} Bd7 {[%emt 0:01:47]} 20. a3 {[%emt 0:00:50]} Bxe3 {[%emt 0:01:31]} 21. Qxe3 {[%emt 0:00:11]} Qb8 {[%emt 0:00:06]} 22. h3 {[%emt 0:02:25]} Rc8 {[%emt 0:01:56]} 23. Rxc8+ {[%emt 0:00:29]} Bxc8 {[%emt 0:01:06]} 24. Bb5 {[%emt 0:03:03]} a6 {[%emt 0:02:51]} 25. Bf1 {[%emt 0:01:08]} b6 {[%emt 0:05:28]} 26. Qc3 {[%emt 0:00:10]} Bb7 {[%emt 0:00:27]} 27. b4 {[%emt 0:02:12]} Qc8 {[%emt 0:00:41]} 28. Qxc8+ {[%emt 0:05:28]} Bxc8 1/2-1/2

[Event "12th Asrian Memorial 2019"]
[Site "Yerevan"]
[Date "2019.06.18"]
[Round "8.6"]
[White "Vardanian, Haik G."]
[Black "Kulaots, Kaido"]
[Result "1-0"]
[WhiteElo "2357"]
[BlackElo "2574"]
[Annotator "ChessBase"]
[PlyCount "81"]
[EventDate "2019.06.11"]
[EventType "swiss"]
[EventCountry "ARM"]
[SourceTitle "playchess.com"]
[Source "ChessBase"]
[SourceQuality "1"]
[TimeControl "40/5400+30:1800+30"]

1. c4 {[%emt 0:00:00]} e5 {[%emt 0:00:00]} 2. Nc3 {[%emt 0:00:00]} Bb4 {[%emt 0:00:00]} 3. Qc2 {[%emt 0:00:00]} Nf6 {[%emt 0:01:50]} 4. Nf3 {[%emt 0:00:05]} Nc6 {[%emt 0:07:41]} 5. e3 {[%emt 0:00:19]} Bxc3 {[%emt 0:00:35]} 6. Qxc3 {[%emt 0:01:08]} Qe7 {[%emt 0:00:22]} 7. b3 {[%emt 0:06:53]} d5 {[%emt 0:03:19]} 8. cxd5 {[%emt 0:00:58]} Nxd5 {[%emt 0:00:00]} 9. Qb2 {[%emt 0:00:29]} O-O {[%emt 0:04:36]} 10. Bc4 {[%emt 0:03:43]} Nb6 {[%emt 0:08:04]} 11. Be2 {[%emt 0:01:42]} Bg4 {[%emt 0:01:54]} 12. h3 {[%emt 0:03:28]} Bh5 {[%emt 0:00:43]} 13. d3 {[%emt 0:01:55]} Rad8 {[%emt 0:01:06]} 14. g4 {[%emt 0:01:28]} Bg6 {[%emt 0:04:17]} 15. e4 {[%emt 0:00:10]} Nd7 {[%emt 0:01:05]} 16. Be3 {[%emt 0:04:53]} Nc5 {[%emt 0:05:02]} 17. Rd1 {[%emt 0:09:24]} f6 {[%emt 0:01:42]} 18. O-O {[%emt 0:04:09]} Ne6 {[%emt 0:00:25]} 19. Rc1 {[%emt 0:02:16]} Rd7 {[%emt 0:09:37]} 20. a3 {[%emt 0:02:41]} Rfd8 {[%emt 0:00:45]} 21. b4 {[%emt 0:00:56]} Ncd4 {[%emt 0:03:48]} 22. Nxd4 {[%emt 0:01:58]} Nxd4 {[%emt 0:00:33]} 23. Bxd4 {[%emt 0:01:00]} Rxd4 {[%emt 0:00:06]} 24. Rc5 {[%emt 0:01:29]} c6 {[%emt 0:02:06]} 25. Qc1 {[%emt 0:02:29]} Bf7 {[%emt 0:01:34]} 26. f4 {[%emt 0:01:49]} exf4 {[%emt 0:02:22]} 27. Qxf4 {[%emt 0:00:26]} a5 {[%emt 0:16:30]} 28. g5 {[%emt 0:08:57]} axb4 {[%emt 0:00:48]} 29. axb4 {[%emt 0:00:15]} Rxb4 {[%emt 0:09:03]} 30. Rf5 {[%emt 0:00:56]} Bg6 {[%emt 0:07:29]} 31. gxf6 {[%emt 0:01:33]} Qf7 {[%emt 0:00:59]} 32. Ra5 {[%emt 0:11:06]} Rb2 {[%emt 0:01:04]} 33. Rf2 {[%emt 0:11:19]} gxf6 {[%emt 0:02:26]} 34. h4 {[%emt 0:03:47]} b6 {[%emt 0:01:40]} 35. Ra1 {[%emt 0:00:09]} Qe7 {[%emt 0:00:33]} 36. h5 {[%emt 0:00:45]} Bf7 {[%emt 0:00:18]} 37. Rg2+ {[%emt 0:00:26]} Kh8 {[%emt 0:00:51]} 38. Ra7 {[%emt 0:01:05]} Qe6 {[%emt 0:01:03]} 39. Qh6 {[%emt 0:01:30]} Rg8 {[%emt 0:00:09]} 40. Ra8 {[%emt 0:00:00]} Rb1+ {[%emt 0:00:00]} 41. Kf2 {[%emt 0:01:12]} 1-0

[Event "12th Asrian Memorial 2019"]
[Site "Yerevan"]
[Date "2019.06.18"]
[Round "8.7"]
[White "Chibukhchian, Artur"]
[Black "Babujian, Levon"]
[Result "1-0"]
[WhiteElo "2374"]
[BlackElo "2485"]
[Annotator "ChessBase"]
[PlyCount "124"]
[EventDate "2019.06.11"]
[EventType "swiss"]
[EventCountry "ARM"]
[SourceTitle "playchess.com"]
[Source "ChessBase"]
[SourceQuality "1"]
[TimeControl "40/5400+30:1800+30"]

1. Nf3 {[%emt 0:02:37]} d5 {[%emt 0:00:13]} 2. d4 {[%emt 0:01:00]} Nf6 {[%emt 0:00:07]} 3. c4 {[%emt 0:00:27]} e6 {[%emt 0:00:08]} 4. e3 {[%emt 0:01:45]} Be7 {[%emt 0:01:09]} 5. b3 {[%emt 0:07:14]} O-O {[%emt 0:01:02]} 6. Bb2 {[%emt 0:00:22]} Ne4 {[%emt 0:05:24]} 7. Bd3 {[%emt 0:02:07]} f5 {[%emt 0:01:19]} 8. O-O {[%emt 0:06:28]} Nd7 {[%emt 0:00:59]} 9. Nc3 {[%emt 0:00:07]} c6 {[%emt 0:00:39]} 10. Ne2 {[%emt 0:00:08]} Qe8 {[%emt 0:03:42]} 11. Rc1 {[%emt 0:22:41]} Rf6 {[%emt 0:04:06]} 12. Ne5 {[%emt 0:01:48]} Rh6 {[%emt 0:01:51]} 13. f3 {[%emt 0:13:57]} Ng5 {[%emt 0:11:07]} 14. Nf4 {[%emt 0:03:47]} Nf7 {[%emt 0:02:21]} 15. cxd5 {[%emt 0:03:58]} cxd5 {[%emt 0:14:41]} 16. Bb5 {[%emt 0:01:55]} Nfxe5 {[%emt 0:00:52]} 17. dxe5 {[%emt 0:00:08]} a6 {[%emt 0:00:30]} 18. Bd3 {[%emt 0:13:59]} Nf8 {[%emt 0:01:20]} 19. Rf2 {[%emt 0:01:39]} Bd7 {[%emt 0:01:02]} 20. Ne2 {[%emt 0:03:42]} g5 {[%emt 0:05:44]} 21. g4 {[%emt 0:05:32]} Ng6 {[%emt 0:06:17]} 22. gxf5 {[%emt 0:00:53]} exf5 {[%emt 0:00:04]} 23. Nd4 {[%emt 0:01:28]} Nh4 {[%emt 0:02:51]} 24. Rc7 {[%emt 0:00:01]} Rc8 {[%emt 0:08:08]} 25. Rxb7 {[%emt 0:00:33]} Bc5 {[%emt 0:00:03]} 26. e6 {[%emt 0:00:56]} Bxe6 {[%emt 0:00:35]} 27. b4 {[%emt 0:03:33]} Bf8 {[%emt 0:01:29]} 28. Bxa6 {[%emt 0:00:25]} Bf7 {[%emt 0:03:34]} 29. Bd3 {[%emt 0:00:25]} Qxe3 {[%emt 0:00:41]} 30. Nxf5 {[%emt 0:00:42]} Nxf5 {[%emt 0:05:17]} 31. Bxf5 {[%emt 0:00:01]} Bd6 {[%emt 0:10:05]} 32. Rxf7 {[%emt 0:01:00]} Rxh2 {[%emt 0:01:40]} 33. Rg7+ {[%emt 0:00:10]} Kf8 {[%emt 0:00:01]} 34. Rg8+ {[%emt 0:00:50]} Ke7 {[%emt 0:00:15]} 35. Bd4 {[%emt 0:00:39]} Qc1 {[%emt 0:07:14]} 36. Qxc1 {[%emt 0:00:10]} Rxc1+ {[%emt 0:00:05]} 37. Rf1 {[%emt 0:00:03]} Rxf1+ {[%emt 0:00:37]} 38. Kxf1 {[%emt 0:00:01]} Bxb4 {[%emt 0:00:06]} 39. Rb8 {[%emt 0:01:08]} Ba3 {[%emt 0:01:03]} 40. Rb7+ {[%emt 0:00:00]} Kd6 {[%emt 0:00:00]} 41. Rb6+ {[%emt 0:01:03]} Kc7 {[%emt 0:00:33]} 42. Ra6 {[%emt 0:13:55]} Rxa2 {[%emt 0:00:07]} 43. Bxh7 {[%emt 0:00:56]} Kb7 {[%emt 0:01:41]} 44. Ra7+ {[%emt 0:00:06]} Kc6 {[%emt 0:00:07]} 45. Bd3 {[%emt 0:01:11]} Kd6 {[%emt 0:00:04]} 46. Ra6+ {[%emt 0:00:28]} Kc7 {[%emt 0:00:12]} 47. Bc5 {[%emt 0:02:33]} Ra1+ {[%emt 0:00:07]} 48. Kg2 {[%emt 0:00:05]} Bb2 {[%emt 0:00:20]} 49. Rxa1 {[%emt 0:00:06]} Bxa1 {[%emt 0:00:03]} 50. Be7 {[%emt 0:00:06]} Kc6 {[%emt 0:00:07]} 51. Bxg5 {[%emt 0:00:17]} Bh8 {[%emt 0:00:57]} 52. Be3 {[%emt 0:00:07]} d4 {[%emt 0:00:08]} 53. Bd2 {[%emt 0:00:08]} Kd5 {[%emt 0:00:27]} 54. f4 {[%emt 0:00:07]} Bg7 {[%emt 0:00:23]} 55. Kf3 {[%emt 0:00:05]} Bf8 {[%emt 0:00:26]} 56. Kg4 {[%emt 0:00:07]} Ke6 {[%emt 0:00:10]} 57. Kg5 {[%emt 0:00:32]} Kf7 {[%emt 0:00:04]} 58. f5 {[%emt 0:01:15]} Bd6 {[%emt 0:01:31]} 59. Bc4+ {[%emt 0:00:11]} Kg7 {[%emt 0:00:27]} 60. f6+ {[%emt 0:00:07]} Kh7 {[%emt 0:00:47]} 61. Bd3+ {[%emt 0:00:55]} Kh8 {[%emt 0:00:23]} 62. Kg6 {[%emt 0:00:08]} Bf8 {[%emt 0:01:54]} 1-0

[Event "12th Asrian Memorial 2019"]
[Site "Yerevan"]
[Date "2019.06.18"]
[Round "8.8"]
[White "Der Manuelian, Haik"]
[Black "Petrosian, Tigran L."]
[Result "0-1"]
[WhiteElo "2309"]
[BlackElo "2612"]
[Annotator "RC"]
[PlyCount "170"]
[EventDate "2019.06.11"]
[EventType "swiss"]
[EventCountry "ARM"]
[SourceTitle "playchess.com"]
[Source "ChessBase"]
[SourceQuality "1"]
[TimeControl "40/5400+30:1800+30"]

1. d4 {[%emt 0:00:00]} g6 {[%emt 0:02:59]} 2. e4 {[%emt 0:00:00]} Bg7 {[%emt 0:00:06]} 3. Nc3 {[%emt 0:00:09]} c6 {[%emt 0:01:45]} 4. Nf3 {[%emt 0:01:12]} d6 {[%emt 0:00:58]} 5. Be2 {[%emt 0:02:37]} Nf6 {[%emt 0:00:13]} 6. O-O {[%emt 0:01:48]} O-O {[%emt 0:00:36]} 7. h3 {[%emt 0:07:49]} Nbd7 {[%emt 0:06:15]} 8. Be3 {[%emt 0:11:29]} Re8 {[%emt 0:03:03]} 9. e5 {[%emt 0:07:08]} dxe5 {[%emt 0:16:44]} 10. dxe5 {[%emt 0:01:01]} Nd5 {[%emt 0:00:13]} 11. Nxd5 {[%emt 0:01:41]} cxd5 {[%emt 0:00:08]} 12. Qxd5 {[%emt 0:13:54]} Nxe5 {[%emt 0:00:07]} 13. Qxd8 {[%emt 0:05:23]} Rxd8 {[%emt 0:00:10]} 14. Rad1 {[%emt 0:06:50]} Bf5 {[%emt 0:12:56]} 15. Nxe5 {[%emt 0:02:52]} Bxe5 {[%emt 0:00:20]} 16. c3 {[%emt 0:03:07]} b6 {[%emt 0:02:41]} 17. Rxd8+ {[%emt 0:01:53]} Rxd8 {[%emt 0:00:07]} 18. Rd1 {[%emt 0:00:03]} Rc8 {[%emt 0:04:23]} 19. Bg4 {[%emt 0:03:51]} Bd6 {[%emt 0:07:32]} 20. Bxf5 {[%emt 0:01:02]} gxf5 {[%emt 0:00:56]} 21. Rd5 {[%emt 0:06:39]} f4 {[%emt 0:00:25]} 22. Bd4 {[%emt 0:01:10]} Kf8 {[%emt 0:05:05]} 23. Kf1 {[%emt 0:01:46]} Rc6 {[%emt 0:05:23]} 24. Be5 {[%emt 0:01:50]} Bxe5 {[%emt 0:00:21]} 25. Rxe5 {[%emt 0:00:01]} Rd6 {[%emt 0:00:43]} 26. Ke2 {[%emt 0:00:58]} f6 {[%emt 0:00:21]} 27. Re4 {[%emt 0:01:22]} e5 {[%emt 0:00:15]} 28. Rc4 {[%emt 0:01:16]} Rd7 {[%emt 0:00:11]} 29. Rc6 {[%emt 0:04:05]} Kf7 {[%emt 0:00:13]} 30. c4 {[%emt 0:01:23]} Kg6 {[%emt 0:01:00]} 31. c5 {[%emt 0:00:27]} bxc5 {[%emt 0:00:26]} 32. Rxc5 {[%emt 0:00:04]} Kf5 {[%emt 0:00:23]} 33. Rc4 {[%emt 0:03:47]} a5 {[%emt 0:02:14]} 34. b3 {[%emt 0:01:45]} Rb7 {[%emt 0:02:16]} 35. Ra4 {[%emt 0:05:15]} Rb5 {[%emt 0:00:05]} 36. Rc4 {[%emt 0:00:01]} h5 {[%emt 0:00:18]} 37. Rc2 {[%emt 0:01:39]} a4 {[%emt 0:01:04]} 38. bxa4 {[%emt 0:00:34]} Rb4 {[%emt 0:00:03]} 39. a3 {[%emt 0:00:53]} Rxa4 {[%emt 0:00:29]} 40. Ra2 {[%emt 0:00:00]} e4 {[%emt 0:00:00]} 41. Ra1 {[%emt 0:19:45]} h4 {[%emt 0:10:25]} 42. Ra2 {[%emt 0:01:36]} Ke6 {[%emt 0:00:54]} 43. Ra1 {[%emt 0:01:17]} f5 {[%emt 0:00:12]} 44. Ra2 {[%emt 0:00:40]} Ke5 {[%emt 0:00:06]} 45. Ra1 {[%emt 0:02:09]} Kd5 {[%emt 0:05:57]} 46. Ra2 {[%emt 0:00:20]} Ra5 {[%emt 0:00:36]} 47. a4 {[%emt 0:00:54]} Kc4 {[%emt 0:00:37]} 48. Ra1 {[%emt 0:00:47]} Kb3 {[%emt 0:05:00]} 49. Rb1+ {[%emt 0:00:06]} Kc4 {[%emt 0:01:45]} 50. Rc1+ {[%emt 0:02:26]} Kd4 {[%emt 0:00:08]} 51. Ra1 {[%emt 0:01:33]} Ra6 {[%emt 0:02:11]} 52. Rd1+ {[%emt 0:03:02]} Ke5 {[%emt 0:06:02]} 53. Ra1 {[%emt 0:00:01]} Ra5 {[%emt 0:00:09]} 54. Ra2 {[%emt 0:00:36]} Kd4 {[%emt 0:00:04]} 55. Ra1 {[%emt 0:00:48]} Kc5 {[%emt 0:00:38]} 56. Rc1+ {[%emt 0:00:23]} Kd6 {[%emt 0:00:18]} 57. Ra1 {[%emt 0:00:07]} Kc6 {[%emt 0:00:11]} 58. Ra2 {[%emt 0:00:41]} Kb6 {[%emt 0:05:52]} 59. Rb2+ {[%emt 0:00:04]} Kc5 {[%emt 0:00:11]} 60. Rc2+ {[%emt 0:00:41]} Kb4 {[%emt 0:00:59]} 61. Rb2+ {[%emt 0:00:07]} Kc4 {[%emt 0:00:09]} 62. Rc2+ {[%emt 0:00:26]} Kd4 {[%emt 0:01:12]} 63. Ra2 {[%emt 0:00:26]} Kc3 {[%emt 0:00:04]} 64. Ra1 {[%emt 0:00:15]} Kc2 {[%emt 0:00:14]} 65. Ke1 {[%emt 0:02:37]} Kb2 {[%emt 0:13:41]} 66. Rd1 {[%emt 0:00:01]} Rc5 {[%emt 0:00:51]} 67. Rd8 {[%emt 0:01:01]} Kc3 {[%emt 0:01:47]} 68. Ke2 {[%emt 0:00:48]} Ra5 {[%emt 0:00:29]} 69. Rc8+ {[%emt 0:00:16]} Kd4 {[%emt 0:00:36]} 70. Rd8+ {[%emt 0:00:10]} Ke5 {[%emt 0:00:05]} 71. Re8+ {[%emt 0:01:27]} Kf6 {[%emt 0:00:05]} 72. Rf8+ {[%emt 0:00:24]} Kg7 {[%emt 0:00:13]} 73. Rb8 {[%emt 0:00:47]} Rxa4 {[%emt 0:00:05]} 74. Rb6 {[%emt 0:00:22]} Ra2+ {[%emt 0:00:16]} 75. Kf1 {[%emt 0:00:14]} Ra1+ {[%emt 0:00:05]} 76. Ke2 {[%emt 0:00:06]} Rg1 {[%emt 0:00:34]} 77. Rb7+ {[%emt 0:00:24]} Kg6 {[%emt 0:00:12]} 78. Rb6+ {[%emt 0:00:35]} Kg5 {[%emt 0:00:05]} 79. Rb8 {[%emt 0:00:03]} Rxg2 {[%emt 0:00:16]} 80. Kf1 {[%emt 0:00:10]} Rh2 {[%emt 0:02:26]} 81. Rb3 {[%emt 0:00:48]} f3 {[%emt 0:00:08]} 82. Kg1 {[%emt 0:00:03]} Rg2+ {[%emt 0:00:06]} 83. Kf1 {[%emt 0:00:05]} Kf4 {[%emt 0:00:08]} 84. Rb8 {[%emt 0:00:11]} Rg6 {[%emt 0:00:13]} 85. Rh8 {[%emt 0:00:04]} Ra6 {[%emt 0:00:06]} 0-1

[Event "12th Asrian Memorial 2019"]
[Site "Yerevan"]
[Date "2019.06.18"]
[Round "8.9"]
[White "Harutyunian, Tigran K."]
[Black "Dilanyan, Grigor"]
[Result "1-0"]
[WhiteElo "2552"]
[BlackElo "2294"]
[Annotator "ChessBase"]
[PlyCount "87"]
[EventDate "2019.06.11"]
[EventType "swiss"]
[EventCountry "ARM"]
[SourceTitle "playchess.com"]
[Source "ChessBase"]
[SourceQuality "1"]
[TimeControl "40/5400+30:1800+30"]

1. d4 {[%emt 0:00:00]} Nf6 {[%emt 0:00:09]} 2. Nf3 {[%emt 0:00:00]} e6 {[%emt 0:00:59]} 3. g3 {[%emt 0:00:48]} b5 {[%emt 0:07:32]} 4. Bg5 {[%emt 0:00:43]} Bb7 {[%emt 0:00:16]} 5. Nbd2 {[%emt 0:00:08]} Be7 {[%emt 0:00:36]} 6. e3 {[%emt 0:04:43]} a6 {[%emt 0:00:50]} 7. a4 {[%emt 0:07:44]} b4 {[%emt 0:03:29]} 8. Bg2 {[%emt 0:01:36]} h6 {[%emt 0:10:14]} 9. Bxf6 {[%emt 0:00:30]} Bxf6 {[%emt 0:00:02]} 10. c3 {[%emt 0:03:22]} a5 {[%emt 0:01:29]} 11. O-O {[%emt 0:00:38]} O-O {[%emt 0:00:42]} 12. Qc2 {[%emt 0:01:02]} d6 {[%emt 0:08:47]} 13. cxb4 {[%emt 0:08:27]} axb4 {[%emt 0:03:36]} 14. Rfc1 {[%emt 0:01:11]} c5 {[%emt 0:05:44]} 15. dxc5 {[%emt 0:06:46]} dxc5 {[%emt 0:00:21]} 16. Ng5 {[%emt 0:04:51]} hxg5 {[%emt 0:06:12]} 17. Bxb7 {[%emt 0:00:06]} Ra7 {[%emt 0:00:03]} 18. Bg2 {[%emt 0:00:48]} Nd7 {[%emt 0:00:53]} 19. Rd1 {[%emt 0:00:54]} Qb8 {[%emt 0:02:19]} 20. a5 {[%emt 0:07:50]} Qc7 {[%emt 0:11:31]} 21. a6 {[%emt 0:03:01]} Nb6 {[%emt 0:24:42]} 22. Bb7 {[%emt 0:00:45]} Be7 {[%emt 0:05:33]} 23. Nc4 {[%emt 0:01:45]} Rxb7 {[%emt 0:02:26]} 24. axb7 {[%emt 0:00:07]} Nxc4 {[%emt 0:01:26]} 25. Qxc4 {[%emt 0:00:30]} Qxb7 {[%emt 0:00:01]} 26. b3 {[%emt 0:00:43]} Qc7 {[%emt 0:00:45]} 27. Qe4 {[%emt 0:01:44]} g6 {[%emt 0:00:41]} 28. Ra6 {[%emt 0:00:49]} Rc8 {[%emt 0:01:57]} 29. Rxe6 {[%emt 0:01:42]} fxe6 {[%emt 0:00:19]} 30. Qxe6+ {[%emt 0:00:05]} Kf8 {[%emt 0:00:04]} 31. Rd7 {[%emt 0:00:07]} Qxd7 {[%emt 0:00:02]} 32. Qxd7 {[%emt 0:00:08]} Rd8 {[%emt 0:00:03]} 33. Qc6 {[%emt 0:01:47]} Rd3 {[%emt 0:02:04]} 34. Qf3+ {[%emt 0:00:16]} Ke8 {[%emt 0:00:30]} 35. Qe4 {[%emt 0:00:34]} Rd1+ {[%emt 0:00:35]} 36. Kg2 {[%emt 0:00:06]} Rd6 {[%emt 0:00:09]} 37. Qc4 {[%emt 0:01:09]} Rf6 {[%emt 0:00:52]} 38. e4 {[%emt 0:00:12]} Kf8 {[%emt 0:00:19]} 39. e5 {[%emt 0:00:17]} Rf5 {[%emt 0:00:13]} 40. Qe6 {[%emt 0:00:00]} g4 {[%emt 0:00:00]} 41. Qxg6 {[%emt 0:01:12]} Rxe5 {[%emt 0:01:00]} 42. Qxg4 {[%emt 0:00:13]} Re1 {[%emt 0:02:39]} 43. h4 {[%emt 0:00:19]} Kf7 {[%emt 0:02:14]} 44. h5 {[%emt 0:00:24]} 1-0

[Event "12th Asrian Memorial 2019"]
[Site "Yerevan"]
[Date "2019.06.18"]
[Round "8.10"]
[White "Vaganian, Rafael A"]
[Black "Basencyan, Mark"]
[Result "1-0"]
[WhiteElo "2526"]
[BlackElo "2154"]
[Annotator "ChessBase"]
[PlyCount "48"]
[EventDate "2019.06.11"]
[EventType "swiss"]
[EventCountry "ARM"]
[SourceTitle "playchess.com"]
[Source "ChessBase"]
[SourceQuality "1"]
[TimeControl "40/5400+30:1800+30"]

1. d4 {[%emt 0:00:00]} Nf6 {[%emt 0:00:00]} 2. Nf3 {[%emt 0:00:00]} g6 {[%emt 0:00:01]} 3. c4 {[%emt 0:00:02]} Bg7 {[%emt 0:00:14]} 4. g3 {[%emt 0:00:05]} O-O {[%emt 0:00:13]} 5. Bg2 {[%emt 0:00:06]} d6 {[%emt 0:00:07]} 6. Nc3 {[%emt 0:00:22]} Nbd7 {[%emt 0:00:15]} 7. O-O {[%emt 0:00:18]} e5 {[%emt 0:00:14]} 8. e4 {[%emt 0:00:40]} exd4 {[%emt 0:00:48]} 9. Nxd4 {[%emt 0:00:07]} Nc5 {[%emt 0:00:32]} 10. h3 {[%emt 0:00:38]} Re8 {[%emt 0:00:22]} 11. Re1 {[%emt 0:00:09]} a5 {[%emt 0:00:13]} 12. Qc2 {[%emt 0:03:03]} c6 {[%emt 0:29:33]} 13. Be3 {[%emt 0:00:33]} Qc7 {[%emt 0:02:05]} 14. Rad1 {[%emt 0:02:23]} Bd7 {[%emt 0:02:08]} 15. Nb3 {[%emt 0:02:38]} b6 {[%emt 0:27:20]} 16. Bf4 {[%emt 0:03:16]} Bf8 {[%emt 0:06:07]} 17. Nxc5 {[%emt 0:01:36]} bxc5 {[%emt 0:00:05]} 18. g4 {[%emt 0:00:06]} Bc8 {[%emt 0:11:35]} 19. Qd2 {[%emt 0:09:19]} Re6 {[%emt 0:00:58]} 20. Bg3 {[%emt 0:01:33]} Ba6 {[%emt 0:06:22]} 21. b3 {[%emt 0:04:40]} Rae8 {[%emt 0:00:19]} 22. f4 {[%emt 0:00:21]} Qe7 {[%emt 0:06:26]} 23. e5 {[%emt 0:01:20]} dxe5 {[%emt 0:03:16]} 24. fxe5 {[%emt 0:00:23]} Bc8 1-0